000 00509nam a2200157Ia 4500
001 7662
003 GE_BSU
008 181216s||||||||xx |||||||||||||| ||und||
040 _cGE_BSU
245 _aსაქართველოს ეკონომიკა. №7-8(184-185). 2013.
245 _bსამეცნიერო-ანალიტიკური ჟურნალი
260 _aთბილისი.
300 _a86გვ;27სმ.
653 _aპერიოდიკა
942 _cCR
999 _c41014
_d41014